| 000 | 00767nam a2200205Ia 4500 | ||
|---|---|---|---|
| 003 | IN-BaIIA | ||
| 008 | 211028s9999 xx 000 0 eng d | ||
| 020 | _a92-9092-684-8 | ||
| 040 | _cIIA Library | ||
| 080 |
_a523.9(082.2) _bSOL |
||
| 111 |
_aInternational Meeting on Solar Jets and Coronal Plumes _cGuadeloupe, France _d1998 Feb. 23-26 _925527 |
||
| 245 | 0 |
_aSolar jets and coronal plumes _bproceedings of an International meeting on solar jets and coronal plumes, Guadeloupe, France, February 23-26, 1998 _cedited by Tan-Duc Guyenne |
|
| 260 |
_aNoordwijk _bEuropean Space Agency _c1998 |
||
| 300 | _a374p. | ||
| 490 | _aESA SP-421 | ||
| 650 |
_aCoronal plumes _925528 |
||
| 650 |
_aSolar Jets _925529 |
||
| 700 |
_aGuyenne, Tan-Duc,. ed. _925530 |
||
| 942 | _cBK | ||
| 999 |
_c14400 _d14400 |
||